LIBRARY & INFORMATION CENTRE, KCAET, TAVANUR

ONLINE PUBLIC ACCESS CATALOGUE (OPAC)

Avide Aarum Seshichilla / (Record no. 11594)

MARC details
000 -LEADER
fixed length control field 00291cam a2200121ua 4500
082 ## - DEWEY DECIMAL CLASSIFICATION NUMBER
Classification number 894.812301
Item number MAT/AV
100 ## - MAIN ENTRY--AUTHOR NAME
Personal name Mathew, Luke .
245 ## - TITLE STATEMENT
Title Avide Aarum Seshichilla /
250 ## - EDITION STATEMENT
Edition statement 1 /
260 ## - PUBLICATION, DISTRIBUTION, ETC. (IMPRINT)
Place of publication Thrissur :
Name of publisher Amina Book Stall ,
Year of publication 1963.
300 ## - PHYSICAL DESCRIPTION
Number of Pages 224 ; .
942 ## - ADDED ENTRY ELEMENTS (KOHA)
Koha item type Books
Holdings
Withdrawn status Lost status Damaged status Home library Current library Date acquired Full call number Accession Number Koha item type
Withdrawn     KAUAET KAUAET 07/04/2012 894.812301 10271 Books
free website counter